| 000 | 01791nam a2200385 a 4500 | ||
|---|---|---|---|
| 001 | 000000645 | ||
| 003 | DO-SdBNP | ||
| 005 | 20171120123823.0 | ||
| 007 | 000000645 | ||
| 008 | 090331s2004 dr a 000 0 spa d | ||
| 020 | _a9789993425540 | ||
| 040 |
_aBPMSU _bspa _cBPMSU |
||
| 082 | 4 |
_a304.87307293 _bB623f |
|
| 100 | 1 | _aBissainthe, Jean Ghasmann | |
| 245 | 1 | 3 |
_aEl futuro de la nación dominicana : _bquisqueyanos entre dos banderas / _cJean Ghasmann Bissainthe ; prólogo Marino Mejía. |
| 260 | 0 |
_aSanto Domingo : _bINTEC, _c2004. |
|
| 300 |
_ax, 375 p. : _bil. ; _c23 cm. |
||
| 500 | _aIncluye datos biográficos del autor en la solapa de la cubierta | ||
| 504 | _aBibliografía : p. 359-375 | ||
| 505 | 2 |
_tAgradecimientos -- _tPrólogo -- _tIntroducción -- _tEstructuras socio-económicas y políticas -- _tMito y realidad de la migración transnacional -- _tAportes socio-económicos de la migración dominicana -- _tMigración y nacionalidad -- _tCreencias y valores de la diáspora dominicana -- _tDesafío de la diáspora dominicana -- _tConclusiones y perspectivas -- _tBibliografía general. |
|
| 650 | 4 |
_aDOMINICANOS EN ESTADOS UNIDOS _xASPECTOS ECONÓMICOS |
|
| 650 | 4 | _aIDENTIDAD NACIONAL | |
| 650 | 4 |
_aIDENTIDAD CULTURAL _zREPÚBLICA DOMINICANA |
|
| 651 | 4 |
_aREPÚBLICA DOMINICANA _xEMIGRACIÓN E INMIGRACIÓN |
|
| 651 | 4 |
_aESTADOS UNIDOS _xEMIGRACIÓN E INMIGRACIÓN |
|
| 700 | 1 | 2 |
_aMejía, Marino, _epról. |
| 710 | 2 | 2 | _aInstituto Tecnológico de Santo Domingo |
| 910 | _aValidado. Control de calidad MFF | ||
| 930 | 1 |
_lBND01 _mLF1 _820090821 _f01 _pHD |
|
| 942 |
_2ddc _cBK |
||
| 945 | _aInventariado, 2017/MFF | ||
| 956 |
_aBTAVAREZ _b10 _c20100219 _lBND01 _h1503 |
||
| 956 |
_aTMEREDITH _b10 _c20111018 _lBND01 _h0859 |
||
| 956 |
_aVMATEO _b10 _c20150807 _lBPMSU _h00151 |
||
| 999 |
_c8117 _d8117 |
||